000
00282nam a22001337a 4500
008
180814b xxu||||| |||| 00| 0 eng d
041
_a
eng
080
_a
32
082
_a
32
100
_a
19
101
_a
POL
245
_a
Social Class in America
_c
Warner,W.Ll
942
_2
udc
_c
BK
999
_c
47139
_d
47139